Tutti gli uomini del re.

Saved in:
Bibliographic Details
Main Author: Warren, Robert Penn (Author)
Format: Book
Language:Italian
Published: Milano : Club degli editori, stampa 1974
Series:I grandi romanzi d'azione ; 17
Tags: Add Tag
No Tags, Be the first to tag this record!

MARC

LEADER 00000nam a22000007ic4500
001 IT\ICCU\TO0\0809545
003 ItRI
005 20250807193953.0
008 000125s1974 it |||||| ||||| |||||c
040 |b ita  |c ARCIGAY RIMINI 
041 7 |a ita  |2 ISO-639-2 
100 1 |a Warren, Robert Penn  |0 IT\ICCU\RAVV\024961  |4 aut 
245 0 0 |a Tutti gli uomini del re.  |c Robert Penn Warren. 
260 |a Milano :  |b Club degli editori,  |c stampa 1974 
300 |a 328 p. ;  |c 21 cm. 
773 0 |w IT\ICCU\RAV\0085603  |t Tutti gli uomini del re  |g 1  |a Warren, Robert Penn  |0 IT\ICCU\RAVV\024961 
830 2 |a I grandi romanzi d'azione ;  |v 17  |0 IT\ICCU\RAV\0085605 
942 |2 ddc  |c BK 
952 |0 0  |1 0  |2 ddc  |4 0  |6 823_910000000000000_WAR_TUT_1  |7 1  |9 3698  |a RN  |b RN  |d 2025-03-17  |l 0  |o 823.91 WAR TUT 1  |p 10957  |r 2025-03-17 21:56:43  |w 2025-03-17  |x DONAZIONE DI MARINA MAGGIOLI  |y BK  |z DONAZIONE DI MARINA MAGGIOLI 
981 1 |6 z01  |a i   |b xxxe  
982 1 |6 z01  |a n 
999 |c 2887  |d 2887